000 00425nam a2200169Ia 4500
008 220531s9999 xx 000 0 und d
041 _aeng
082 _bRAY / DIX
100 _aRayrikar,. A. V. / Dixit ,. P. G.
_955956
245 _aBusiness Mathematics
260 _aPune
_bNirali
_c2008
300 _a7.21
542 _d04-10-2010
650 _aMathematics
_955957
906 _d2010-2011
999 _c32282
_d32282